000 00564nam a2200205Ia 4500
005 20250425160747.0
008 250425s9999 xx 000 0 und d
041 _aspa
082 _a341.5866
100 _aPLAZA DE GARCIA, NORMA
245 0 _aVIVENCIAS, REFLEXIONES Y PERSPECTIVAS EN TIEMPOS DE GUERRA
250 _a1A ED.
260 _aEcuador
_bFUNDACION DE ESTUDIOS ESTRATEGICOS Y GEOPOLITICOS
_c1997
260 _aGUAYAQUIL
300 _a856
650 _aCONFLICTO BELICO DEL CENEPA
650 _aGUERRAS-ECUADOR
942 _c01
010 _a4654
999 _c195627
_d195627